Statistics for Olympic Figure Skating Champions (Women)

Click here to take the quiz!

General Stats

  • This quiz has been taken 222 times
  • The average score is 23 of 72

Answer Stats

Year#CountryAnswer% Correct
20142ndSouth KoreaYuna Kim
80%
20101stSouth KoreaYuna Kim
80%
19841stEast GermanyKatarina Witt
77%
19881stEast GermanyKatarina Witt
77%
20023rdUSAMichelle Kwan
75%
19982ndUSAMichelle Kwan
75%
19981stUSATara Lipinski
71%
19921stUSAKristi Yamaguchi
71%
19923rdUSANancy Kerrigan
70%
19942ndUSANancy Kerrigan
70%
20143rdItalyCarolina Kostner
67%
19941stUkraineOksana Baiul
66%
20021stUSASarah Hughes
63%
19281stNorwaySonja Henie
62%
19321stNorwaySonja Henie
62%
19361stNorwaySonja Henie
62%
20062ndUSASasha Cohen
61%
20102ndJapanMao Asada
60%
19681stUSAPeggy Fleming
56%
19761stUSADorothy Hamill
55%
20141stRussiaAdelina Sotnikova
53%
19922ndJapanMidori Ito
50%
20061stJapanShizuka Arakawa
48%
20063rdRussiaIrina Slutskaya
46%
20022ndRussiaIrina Slutskaya
46%
19943rdChinaChen Lu
42%
19983rdChinaChen Lu
42%
20103rdCanadaJoannie Rochette
40%
19883rdUSADebi Thomas
38%
19882ndCanadaElizabeth Manley
33%
19601stUSACarol Heiss
30%
19562ndUSACarol Heiss
30%
19561stUSATenley Albright
27%
19522ndUSATenley Albright
27%
19481stCanadaBarbara Ann Scott
26%
19721stAustriaBeatrix Schuba
24%
19723rdUSAJanet Lynn
20%
19842ndUSARosalynn Sumners
18%
19081stGreat BritainMadge Syers
17%
19801stEast GermanyAnett Potzsch
16%
19802ndUSALinda Fratianne
16%
19762ndNetherlandsDianne de Leeuw
13%
19483rdGreat BritainJeannette Altwegg
13%
19521stGreat BritainJeannette Altwegg
13%
19763rdEast GermanyChristine Errath
12%
19602ndNetherlandsSjoukje Dijkstra
11%
19803rdWest GermanyDagmar Lurz
11%
19843rdSoviet UnionKira Ivanova
11%
19722ndCanadaKaren Magnussen
11%
19641stNetherlandsSjoukje Dijkstra
11%
19241stAustriaHerma Szabo
10%
19643rdCanadaPetra Burka
10%
19083rdGreat BritainDorothy Greenhough-Smith
10%
19323rdUSAMaribel Vinson
10%
19362ndGreat BritainCecilia Colledge
10%
19603rdUSABarbara Roles
9%
19682ndEast GermanyGabriele Seyfert
9%
19322ndAustriaFritzi Burger
8%
19282ndAustriaFritzi Burger
8%
19203rdUSATheresa Weld
8%
19201stSwedenMagda Julin
7%
19202ndSwedenSvea Noren
7%
19242ndUSABeatrix Loughran
7%
19523rdFranceJacqueline du Bief
7%
19283rdUSABeatrix Loughran
7%
19563rdAustriaIngrid Wendl
7%
19642ndAustriaRegine Heitzer
7%
19683rdCzechoslovakiaHana Maskova
7%
19243rdGreat BritainEthel Muckelt
6%
19363rdSwedenVivi-Anne Hulten
6%
19482ndAustriaEva Pawlik
5%
19082ndGermanyElsa Renschmidt
5%

Score Distribution

Percentile by Number Answered

Percent of People with Each Score

Your Score History

You have not taken this quiz